000 01757nam2a22002771 4500
001 rc\3196856
005 20250530093737.0
035 _a(NLR Aleph) 007343209
090 _a6131144
_c6131144
100 _a20120628d1979 |||y0rusy50 ca
101 0 _arus
102 _aRU
105 _ay z |||||
200 1 _aОбщие вопросы расследования хищений
_e(Метод. рекомендации)
_f[Авт.: Братковская В.В., Быховский И.Е., Гаврилина З.Т. и др.]
210 _d1979
_aБ. м.
215 _a220 с.
333 _aДСП. Экз. № 5698
461 0 _1001rc\3196853
_12001#$aМетодика расследования хищений социалистического имущества$e(Справ. пособие для следователей)$f[Ред. коллегия: проф. В.Г. Танасевич (отв. ред.)] [и др.]$gВсесоюз. ин-т по изучению причин и разраб. мер предупреждения преступности. Следств. упр. Прокуратуры СССР. Следств. упр. МВД СССР$vВып. 3
_96131116
_cМосква
_d1976
_f[Ред. коллегия: проф. В.Г. Танасевич (отв. ред.)] [и др.]
_nБ. и.
_o(Справ. пособие для следователей)
_tМетодика расследования хищений социалистического имущества
_vВып. 3
702 1 _aБыховский
_bИ.Е.
_4220
702 1 _aБратковская
_bВ.В.
_4220
702 1 _aГаврилина
_bЗ.Т.
_4220
801 0 _aRU
_bNLR
_gpsbo
801 1 _aRU
_bELAR
_2rusmarc
852 _aNLR
_j77-50К/2966
942 _cBOOK
980 _aNB